000 00417nam a2200157Ia 4500
008 240729s9999 xx 000 0 und d
022 _a1687-9511
245 0 _aJournal of Nanotechnology
260 _aUnited Kingdom
260 _bHindawi Limited
650 _a Technology (General)
650 _aTechnology
856 _uhttps://doaj.org/toc/dc08d8bd2ecd495299947ba72e72e123
942 _2ddc
942 _cDOAJEJ
999 _c71769
_d71769
945 _a1
_bMadushi Gamage
_c1
_dMadushi Gamage